| Tag |
First Indicator |
Second Indicator |
Subfields |
| LEADER |
00000cam a2200000 a 4500 |
| 001 |
in00004808024 |
| 008 |
991209s2000 deuab b 001 0 eng |
| 005 |
20250228153031.3 |
| 010 |
|
|
|a 99089807
|
| 020 |
|
|
|a 0842028188
|q (cloth ;
|q alk. paper)
|
| 020 |
|
|
|a 9780842028189
|q (cloth ;
|q alk. paper)
|
| 020 |
|
|
|a 0842028196
|q (paper ;
|q alk. paper)
|
| 020 |
|
|
|a 9780842028196
|q (paper ;
|q alk. paper)
|
| 029 |
1 |
|
|a AU@
|b 000021273798
|
| 029 |
1 |
|
|a YDXCP
|b 1660134
|
| 029 |
1 |
|
|a YDXCP
|b 1660137
|
| 035 |
|
|
|a (OCoLC)ocm43115214
|
| 035 |
|
|
|a (OCoLC)43115214
|
| 035 |
|
|
|a (OCoLC)ocm43115214
|
| 040 |
|
|
|a DLC
|b eng
|c DLC
|d LHA
|d BAKER
|d BTCTA
|d YDXCP
|d OCLCQ
|d ILU
|d BDX
|d OCLCF
|d OCLCQ
|d OCLCO
|d OCL
|d OCLCQ
|d OCL
|d OCLCQ
|d OCL
|d OCLCO
|d OCLCL
|d IG#
|
| 043 |
|
|
|a n-usu--
|a n-us---
|
| 050 |
0 |
0 |
|a E459
|b .A18 2000
|
| 082 |
0 |
0 |
|a 973.7/13
|2 21
|
| 100 |
1 |
|
|a Abrahamson, James L.
|
| 245 |
1 |
4 |
|a The men of secession and Civil War, 1859-1861 /
|c James L. Abrahamson.
|
| 260 |
|
|
|a Wilmington, Del. :
|b SR Books,
|c 2000.
|
| 300 |
|
|
|a xxxiii, 186 pages :
|b illustrations, 1 map ;
|c 23 cm.
|
| 336 |
|
|
|a text
|b txt
|2 rdacontent
|
| 337 |
|
|
|a unmediated
|b n
|2 rdamedia
|
| 338 |
|
|
|a volume
|b nc
|2 rdacarrier
|
| 490 |
1 |
|
|a The American crisis series ;
|v no. 1
|
| 504 |
|
|
|a Includes bibliographical references (pages 173-177) and index.
|
| 505 |
0 |
|
|a Introduction -- Chronology -- Cast of characters: the men of secession and the war -- Prelude to disunion -- John Brown, Salmon Chase, and the Southern response to American antislavery -- George Fitzhugh, Roger Taney, and the Northern response to Southern proslavery -- The secession campaign -- Barnwell Rhett, the fire-eaters, and Southern independence -- Stephen Douglas, William Yancey, and the collapse of the Democratic Party -- The men of the West and the election of 1860 -- Alexander Stephens, Deep South secession, and the failure of Southern unionism -- Jefferson Davis and the formation of the Cotton Confederacy -- The road to war -- John Crittenden and the failure of compromise -- Abraham Lincoln, Fort Sumter, and the Union -- Andrew Johnson, John Letcher, and secession in the Upper South -- Epilogue: some thoughts on alternatives and consequences -- Bibliographical essay and recommended readings -- Index.
|
| 520 |
1 |
|
|a "James L. Abrahamson was a former professor of history at the U.S. Military Academy at West Point. He later held the Eisenhower Chair at the Army War College and the Barden Chair at Campbell University. He has since been a visiting professor at the University of North Carolina at Chapel Hill."--Jacket.
|
| 650 |
|
0 |
|a Secession
|z Southern States.
|
| 651 |
|
0 |
|a United States
|x History
|y Civil War, 1861-1865
|x Causes.
|
| 651 |
|
0 |
|a Southern States
|x Politics and government
|y 1775-1865.
|
| 651 |
|
0 |
|a United States
|x Politics and government
|y 1815-1861.
|
| 650 |
|
6 |
|a Sécession
|z États-Unis (Sud)
|
| 651 |
|
6 |
|a États-Unis (Sud)
|x Politique et gouvernement
|y 1775-1865.
|
| 651 |
|
6 |
|a États-Unis
|x Politique et gouvernement
|y 1815-1861.
|
| 650 |
|
7 |
|a Politics and government
|2 fast
|0 (OCoLC)fst01919741
|
| 650 |
|
7 |
|a Secession.
|2 fast
|0 (OCoLC)fst01110536
|
| 650 |
|
7 |
|a War
|x Causes.
|2 fast
|0 (OCoLC)fst01170331
|
| 651 |
|
7 |
|a Southern States.
|2 fast
|0 (OCoLC)fst01244550
|
| 651 |
|
7 |
|a United States.
|2 fast
|0 (OCoLC)fst01204155
|1 https://id.oclc.org/worldcat/entity/E39PBJtxgQXMWqmjMjjwXRHgrq
|
| 647 |
|
7 |
|a American Civil War
|c (United States :
|d 1861-1865)
|2 fast
|0 (OCoLC)fst01351658
|1 https://id.oclc.org/worldcat/entity/E39Qhp4vB9RxkMwD8h64CPrTGb
|
| 648 |
|
7 |
|a 1775-1865
|2 fast
|
| 655 |
|
7 |
|a History.
|2 fast
|0 (OCoLC)fst01411628
|
| 758 |
|
|
|i has work:
|a The men of secession and Civil War, 1859-1861 (Text)
|1 https://id.oclc.org/worldcat/entity/E39PCFJ4dfDCMJW6M8YQx97gDq
|4 https://id.oclc.org/worldcat/ontology/hasWork
|
| 776 |
0 |
8 |
|i Online version:
|a Abrahamson, James L.
|t Men of secession and Civil War, 1859-1861.
|d Wilmington, Del. : SR Books, 2000
|w (OCoLC)606327991
|
| 776 |
0 |
8 |
|i Online version:
|a Abrahamson, James L.
|t Men of secession and Civil War, 1859-1861.
|d Wilmington, Del. : SR Books, 2000
|w (OCoLC)608059166
|
| 830 |
|
0 |
|a American crisis series ;
|v no. 1.
|
| 938 |
|
|
|a Ingram Library Services
|b INGR
|n in009074793
|
| 938 |
|
|
|a Ingram Library Services
|b INGR
|n in501131843
|
| 938 |
|
|
|a Baker & Taylor
|b BKTY
|c 19.95
|d 19.95
|i 0842028196
|n 0003447322
|s active
|
| 938 |
|
|
|a Brodart
|b BROD
|n 55391001
|c $85.00
|
| 938 |
|
|
|a Baker and Taylor
|b BTCP
|n 99089807
|
| 938 |
|
|
|a YBP Library Services
|b YANK
|n 1660137
|
| 948 |
|
|
|h NO HOLDINGS IN TXA - 363 OTHER HOLDINGS
|
| 994 |
|
|
|a Z0
|b TXA
|
| 999 |
f |
f |
|i b80444f1-c421-4508-9fce-4eb8f47cb54d
|s e17969d9-4dbf-4a86-9879-2e7b10268beb
|t 0
|
| 952 |
f |
f |
|p normal
|a Texas A&M University
|b Galveston Campus
|c Jack K. Williams Library
|d Galveston Stacks
|t 0
|e E459 .A18 2000
|h Library of Congress classification
|i unmediated -- volume
|m 33620000996161
|
| 998 |
f |
f |
|a E459 .A18 2000
|t 0
|l Galveston Stacks
|